Представление документа в формате RUSMARC

ПолеНазваниеЗначение
  Тип записи a
  Библиографический уровень a
001 Контрольный номер RU/УОНБ/EK_KRAY/320907902
005 Дата корректировки 20220304200039.7
100 Данные общей обработки __
a Данные общей обработки 20060602d2006 u u0rusy0103 ba
101 Язык документа 0_
a Язык текста rus
200 Заглавие и сведения об ответственности 1_
a Заглавие О наделении Морозова Сергея Ивановича полномочиями губернатора Ульяновской области
e Сведения, относящиеся к заглавию постановление Законодательного Собрания Ульяновской области от 28 марта 2006 г. N 48/176
210 Выходные данные 1_
d Дата издания 2006
461 Уровень набора _0
1 2001
a Ульяновская правда
463 Уровень физической единицы _0
1 2000
a 29 марта.
v С. 1.
1 210
d 2006
610 Ключевые слова 0_
a Ключевые слова постановления Законодательного Собрания
610 Ключевые слова 0_
a Ключевые слова губернаторы Ульяновской области
686 Индексы других классификаций __
a Классификационный индекс 0Б(2...-4)
2 Код системы rubbk
686 Индексы других классификаций __
a Классификационный индекс 67.610.12
2 Код системы rubbk
801 Источник записи _0
a Страна RU
b Организация Ульяновская ОНБ
c Дата составления 20060602
g Правила каталогизации PSBO
801 Источник записи _1
a Страна RU
b Организация Ульяновская ОНБ
c Дата составления 20060602
901 Тип документа __
t Тип документа b
938 Служебная информация __
a Имя БД kraeved_work
b Имя библиотеки УОНБ
c Имя АИБС МАРК-SQL
d Номер DOC_ID в БД 51808